00437nam a2200157Ia 4500003000400000008004100004040001600045082001600061100002100077245007000098700001900168260005400187300001000241650001200251650001600263GCL140319s9999 xx 000 0 eng d aGCL / cGCL04a617.15bA A1 aAPLEY, A. GRAHAM10aAPLEYS: SYSTEM OF ORTHOPAEDICS AND FRACTURES / cAPLEY, A. GRAHAM1 aSOLOMON, LOUIS a[S.N] : bELBS\ BUTTERWORTH - HEINEMANN ، c1993 a736 P04aSURGERY04aORTHOPEDICS